000
00302nam a22001337a 4500
008
170831b xxu||||| |||| 00| 0 eng d
020
_a
020552110-X
041
_a
eng
080
_2
9TH
_a
070
100
_a
40
101
_a
MED
245
_a
THE MEDIA OF MASS COMMUNICATION
_c
VIVIAN,J
942
_2
udc
_c
BK
999
_c
25741
_d
25741